00393nam a2200157Ia 4500008004100000041000800041082001500049100001500064245004600079250001200125260003300137300002500170365001600195500000900211700001500220230612s9999 xx 000 0 und d aeng a621.38 TOC aTocci R.J. aDigital System Principles And Application a5th ed. c1991bPrentice Hall Of India a764cRef 82 E (1596) cRs.b175.00 a82 E aTocci R.J.